Catálogo

LA EDAD DE PLOMO DEL DESARROLLO LATINOAMERICANO (Registro nro. 10274)

Detalles MARC
000 -LEADER
fixed length control field 00536nam a2200181 a 4500
001 - CONTROL NUMBER
control field 10274
005 - DATE AND TIME OF LATEST TRANSACTION
control field 20180713194332.0
008 - FIXED-LENGTH DATA ELEMENTS--GENERAL INFORMATION
fixed length control field 140415s1993 000 0 spa d
041 ## - LANGUAGE CODE
Language code of text/sound track or separate title spa
082 ## - DEWEY DECIMAL CLASSIFICATION NUMBER
Classification number 332.4198
Item number EDA
245 03 - TITLE STATEMENT
Title LA EDAD DE PLOMO DEL DESARROLLO LATINOAMERICANO
250 ## - EDITION STATEMENT
Edition statement 1a ed.
260 ## - PUBLICATION, DISTRIBUTION, ETC.
Place of publication, distribution, etc. [s.l.] :
Name of publisher, distributor, etc. FONDO DE CULTURA ECONOMICA,
Date of publication, distribution, etc. 1993
300 ## - PHYSICAL DESCRIPTION
Extent 326
490 ## - SERIES STATEMENT
Series statement LECTURAS
Volume/sequential designation 77
500 ## - GENERAL NOTE
General note LECTURAS; 77
650 14 - SUBJECT ADDED ENTRY--TOPICAL TERM
Topical term or geographic name entry element AMERICA LATINA
General subdivision DESARROLLO
-- AMERICA LATINA
-- FINANZAS
-- DEUDA EXTERIOR
Existencias
Withdrawn status Lost status Source of classification or shelving scheme Damaged status Not for loan Collection code Home library Current library Shelving location Date acquired Source of acquisition Inventory number Total Checkouts Full call number Barcode Date last seen Price effective from Koha item type
    Dewey Decimal Classification     General Biblioteca Karol Wojtyla Biblioteca Karol Wojtyla Sala general 03/12/2013 Compra 151000000000000000049311   332.4198 EDA 25046 05/01/2026 03/12/2013 Libro
    Dewey Decimal Classification     General Biblioteca Karol Wojtyla Biblioteca Karol Wojtyla Sala general 03/12/2013 Compra 151000000000000000049310   332.4198 EDA 25045 05/01/2026 03/12/2013 Libro